| Tag |
First Indicator |
Second Indicator |
Subfields |
| LEADER |
00000cas a2200000Ia 4500 |
| 001 |
in00002013151 |
| 005 |
20151031145426.0 |
| 008 |
041204d19uu19uuenkuu m 0 0eng d |
| 035 |
|
|
|a (OCoLC)ocn868029487
|
| 040 |
|
|
|a TXA
|b eng
|c TXA
|d UtOrBLW
|
| 049 |
|
|
|a TXAM
|
| 090 |
|
|
|a TK9001
|b .A384
|
| 130 |
0 |
|
|a A.E.R.E. TP/R (Series)
|
| 245 |
1 |
0 |
|a A.E.R.E. TP/R.
|
| 246 |
1 |
|
|a AERE TP/R
|
| 246 |
1 |
|
|a Atomic Energy Research Establishment TP/R
|
| 264 |
|
1 |
|a Harwell, [Eng.] :
|b Atomic Energy Research Establishment.
|
| 300 |
|
|
|a volumes :
|b illustrations ;
|c 28 cm.
|
| 336 |
|
|
|a text
|b txt
|2 rdacontent
|
| 337 |
|
|
|a unmediated
|b n
|2 rdamedia
|
| 338 |
|
|
|a volume
|b nc
|2 rdacarrier
|
| 500 |
|
|
|a Each number has a distinctive title.
|
| 550 |
|
|
|a Issued by: United Kingdom Atomic Energy Authority, Research Group.
|
| 588 |
|
|
|a Description based on: 2174 published in 1957; title from cover.
|
| 588 |
|
|
|a Latest issue consulted: 2374 published in 1958.
|
| 650 |
|
0 |
|a Nuclear energy.
|
| 710 |
2 |
|
|a Atomic Energy Research Establishment (Harwell, England)
|
| 710 |
2 |
|
|a United Kingdom Atomic Energy Authority.
|b Research Group.
|
| 994 |
|
|
|a C0
|b TXA
|
| 948 |
|
|
|a cataloged
|b h
|c 2014/1/13
|d o
|e coplinger
|f 3:16:31 pm
|
| 999 |
|
|
|a MARS
|
| 999 |
f |
f |
|s 5c9919c5-05cd-31d1-bf13-fbdf08308d43
|i 65840d41-6e04-3bf9-ab54-edfd1c5f2691
|t 0
|
| 952 |
f |
f |
|p ric
|a Texas A&M University
|b Rellis Campus
|c Joint Library Facility
|d Remote Storage
|t 0
|e TK9001 .A384
|h Library of Congress classification
|i unmediated -- volume
|k [no.]2174-2175,2374
|m A14842170954
|
| 998 |
f |
f |
|a TK9001 .A384
|s [no.]2174-2175,2374
|t 0
|l Remote Storage
|